Toàn cầu hóa và vấn đề xóa đói giảm nghèo, phát triển bền vững trong những năm đầu thế kỷ XXI /
Na minha lista:
| Autor principal: | |
|---|---|
| Formato: | Artigo |
| Idioma: | Vietnamese |
| Assuntos: | |
| Tags: |
Adicionar Tag
Sem tags, seja o primeiro a adicionar uma tag!
|
| Thư viện lưu trữ: | Thư viện Trường Đại học Đà Lạt |
|---|
| LEADER | 00828nam a2200265 4500 | ||
|---|---|---|---|
| 001 | DLU050049713 | ||
| 040 | # | # | |a DLU |b vie |
| 041 | # | # | |a vie |
| 044 | # | # | |a vn |
| 100 | # | # | |a Nguyễn Phương Nam |
| 245 | # | # | |a Toàn cầu hóa và vấn đề xóa đói giảm nghèo, phát triển bền vững trong những năm đầu thế kỷ XXI / |c Nguyễn Phương Nam |
| 653 | # | # | |a Toàn cầu hóa |
| 653 | # | # | |a Xóa đói giảm nghèo |
| 773 | # | # | |t Tạp chí Khoa học Xã hội Việt Nam |g Số 2, 2004, tr.58-64 |
| 920 | # | # | |a Phòng Tạp chí -- Trung tâm Thông tin - Thư viện Trường Đại học Đà Lạt |
| 933 | # | # | |a CP |
| 994 | # | # | |a DLU |
| 900 | # | # | |a True |
| 911 | # | # | |a Nguyễn Thị Yên |
| 925 | # | # | |a G |
| 926 | # | # | |a A |
| 927 | # | # | |a BB |
| 980 | # | # | |a Thư viện Trường Đại học Đà Lạt |